| 000 | 00643nam a2200181Ia 4500 | ||
|---|---|---|---|
| 003 | GCL | ||
| 008 | 140319s9999 xx 000 0 ara d | ||
| 020 | _a6072351977 | ||
| 040 |
_aGCL / _cGCL |
||
| 082 | 0 | 4 |
_a810.9 _bم ا |
| 100 | 1 | _aمحمود العشيرى | |
| 245 | 1 | 0 |
_aالاتجاهات النقدية والادبية الحديثة : _bدليل القارىء العام / _cمحمود العشيرى |
| 250 | _aالثانية | ||
| 260 |
_aالقاهرة : _bميريت للنشر والمعلومات ، _c2003 |
||
| 300 |
_a237 ص ؛ _c25 سم |
||
| 650 | 0 | 4 | _aالادب العربى - تاريخ ونقد |
| 942 |
_2ddc _cBK |
||
| 999 |
_c34770 _d34770 |
||